| 000 | 00702cam a2200205 a 4500 | ||
|---|---|---|---|
| 001 | 000016037 | ||
| 005 | 20200929164239.0 | ||
| 008 | 701218s1970 xxc b 001 0 eng d | ||
| 020 | _a0802052134 | ||
| 040 |
_aDO-SdBNP _bspa _dBNPHU |
||
| 041 | 1 | 7 |
_aspa _heng |
| 082 |
_a190 _bR896c |
||
| 100 | 1 |
_aRubinoff, Lionel. _935994 |
|
| 245 | 1 | 0 |
_aCollingwood and the reform of metaphysics : _ba study in the philosophy of mind / _cLionel Rubinoff. |
| 260 |
_aToronto : _bUniversity of Toronto Press, _c1970. |
||
| 300 |
_axiv, 413 p. ; _c24 cm. |
||
| 504 | _aBibliografĂa: p. [394]-[406]. | ||
| 600 | 1 | 0 |
_aCOLLINGWOOD, R. G. _q(Robin George), _d1889-1943. _935995 |
| 650 | 4 |
_aFilosofĂa moderna _xHistoria _935996 |
|
| 999 |
_c15579 _d15579 |
||